000 01550nam a2200385 a 4500
999 _c192799
_d192799
003 BLK
005 20240604005406.0
008 180411b bul|||||r ||||||| ||bul||
010 _aKNG00202007000
040 _aBLK
041 _aBUL
_cBUL
072 7 _2bullib
_aА
_xФонд Михаил Арнаудов
080 _aБългарска литература
_b821.163.2
_x-1
_z821.163.2-1
080 _aБългарска литература
_b821.163.2
_x-32
_z821.163.2-32
100 _aЕлин Пелин
_qСтоянов, Димитър Иванов
_9363511
139 _aЕлин Пелин
_bЕ 53
245 1 0 _aПепел от цигарите ми
_cЕлин Пелин.
250 _a2. изд.
257 _aBGR
260 _aСофия
_bОлчев
_c1910
_fСофия : печ. на Нар. осигур. д-во Балкан
300 _a79 с.
_c21 см
380 _aX
490 _9396381
_aЧастна колекция - Академик Михаил Арнаудов
_gДарение - Основен фонд
500 _aИстинското име на авт. Димитър Иванов Стоянов. - 1. изд. 1905. - Фонд Михаил Арнаудов - мека подв.
659 _aА
852 _aЦб 169096
_bЦб
852 _aМА 152
_bМА
856 4 _qpdf
_i0.00
_ldisable
856 4 _qpdf
_i0.00
_ldisable
942 _cKNG
_n0
_s1
944 _aCR
_c28.02.2017
_k
_lCRON CRON
944 _aED
_c10.08.2017
_kГеновева_Генчева
999 _d192799
999 _d192799